| 000 | 004670000a22001690004500 | ||
|---|---|---|---|
| 041 | 0 | _aENG | |
| 082 | 0 | 4 | _aG 278 G6439d |
| 100 | 1 | _aGonzález, Justo Luis | |
| 245 | 1 | 0 | _aThe development of christianity in the Latin Caribbean / Justo L. González |
| 260 | _aGrand Rapids, MI., USA : Eerdmans | ||
| 300 | _a136 Pag | ||
| 001 | 8507 | ||
| 942 | _cBK | ||
| 999 |
_c38650 _d38650 |
||
| 336 |
_atexto _btxt _2rdacontent |
||
| 337 |
_2rdamedia _asin mediación _bn |
||
| 338 |
_2rdacarrier _avolumen _bnc |
||